000 00459nam a2200181Ia 4500
003 GCL
008 140319s9999 xx 000 0 ara d
040 _aGCL /
_cGCL
082 0 4 _a243
_bم ح
100 1 _aمحمود شلبى
245 1 0 _aحياة اهل الجنة /
_cمحمود شلبى
260 _a[S.N] :
_bدار الجيل
300 _a318 ص
490 _a
650 0 4 _aالحياة الاخرى
650 0 4 _aالجنة
942 _2ddc
_cBK
999 _c55245
_d55245